000 00894nas a2200301 4500
001 BR2011001262
003 BR-BrBNA
005 20231205114500.0
007 ta
008 230509b bl.|||p| |||| 00| 00por d
040 _aBR-BrBNA
_bpor
_cBiblioteca Nacional de Agricultura
041 _a(Pt)
072 _aQ02; J11
100 1 _aDeliberali, J.
100 1 _aOliveira, M.
100 1 _aDurigon, A.
100 1 _aDias, A.R.G.
100 1 _aGutkoski, L.C.
100 1 _aElias, M.C.
245 1 _aEfeitos de processo de secagem e tempo de armazenamento na qualidade tecnológica de trigo
650 _aTRIGO
650 _aSECAGEM
650 _aARMAZENAMENTO
650 _aPÓS-COLHEITA
773 0 _tCiência e Agrotecnologia (Brazil)
_xISSN 1413-7054
_g(Sep-Oct 2010), v. 34(5) p. 1285-1292
_wBR2011001262
909 _a202311
_bLúcia
_c55
_dLúcia Elande
942 _2AGRIS
_n0
_cANA
999 _c208977
_d208977